Statistics for Lowest HDI Countries by Continent

Click here to take the quiz!

General Stats

  • This quiz has been taken 11,714 times
    (11,606 since last reset)
  • The average score is 20 of 30

Answer Stats

Continent HDI Country % Correct
South America0.693Bolivia
80%
South America0.720Suriname
79%
South America0.702Paraguay
78%
South America0.654Guyana
78%
Europe0.700Moldova
77%
North America0.498Haiti
76%
North America0.617Honduras
75%
South America0.747Colombia
74%
Europe0.739 Kosovo
73%
Africa0.364Somalia
73%
North America0.674El Salvador
72%
North America0.658Nicaragua
72%
North America0.650Guatemala
71%
Asia0.498Afghanistan
65%
Asia0.536Syria
64%
Europe0.757North Macedonia
64%
Europe0.751Ukraine
63%
Europe0.768Bosnia and Herzegovina
63%
Oceania0.603Vanuatu
62%
Oceania0.612Kiribati
61%
Oceania0.546Solomon Islands
61%
Africa0.388South Sudan
60%
Africa0.404Chad
60%
Africa0.354Niger
60%
Oceania0.627F. S. Micronesia
60%
Oceania0.544Papua New Guinea
59%
Asia0.452Yemen
54%
Africa0.367Central African Republic
53%
Asia0.562Pakistan
50%
Asia0.574Nepal
45%

Score Distribution

Percentile by Number Answered

Percent of People with Each Score

Your Score History

You have not taken this quiz since the last reset